Management: A system and contingency analysis of material function (Record no. 217091)
[ view plain ]
| 000 -LEADER | |
|---|---|
| fixed length control field | 00428nam a2200157Ia 4500 |
| 008 - FIXED-LENGTH DATA ELEMENTS--GENERAL INFORMATION | |
| fixed length control field | 230917s9999||||xx |||||||||||||| ||und|| |
| 040 ## - CATALOGING SOURCE | |
| -- | 59656 |
| Original cataloging agency | VIVEKANANDA LIBRARY |
| 041 ## - Language | |
| -- | English |
| 082 ## - DDC NUMBER | |
| Classification number | 658.4 K837M |
| 100 ## - MAIN ENTRY--PERSONAL NAME | |
| Personal name | Koontz, Harold |
| 245 #0 - TITLE STATEMENT | |
| Title | Management: A system and contingency analysis of material function |
| 250 ## - EDITION STATEMENT | |
| Edition statement | 7th ed. |
| 260 ## - PUBLICATION, DISTRIBUTION, ETC. (IMPRINT) | |
| Place of publication, distribution, etc | Tokyo |
| Name of publisher, distributor, etc | McGraw-Hill Kogakusha |
| Date of publication, distribution, etc | 1980 |
| 300 ## - PHYSICAL DESCRIPTION | |
| Pages | xxiii, 871 p. |
| 942 ## - ADDED ENTRY ELEMENTS (KOHA) | |
| Koha item type | Books |
| Withdrawn status | Lost status | Damaged status | Not for loan | Location (home branch) | Sublocation or collection (holding branch) | Date acquired | Koha issues (times borrowed) | Koha full call number | Accession No. | Koha date last seen | Koha item type | Shelving location |
|---|---|---|---|---|---|---|---|---|---|---|---|---|
| VIVEKANANDA LIBRARY | VIVEKANANDA LIBRARY | 11/12/2010 | 658.4 K837M | 81494 | 17/09/2023 | Books | ||||||
| VIVEKANANDA LIBRARY | VIVEKANANDA LIBRARY | 11/12/2010 | 658.4 K837M | 81497 | 17/09/2023 | Books | IMSAR Library | |||||
| VIVEKANANDA LIBRARY | VIVEKANANDA LIBRARY | 11/12/2010 | 658.4 K837M | 81501 | 17/09/2023 | Books | ||||||
| VIVEKANANDA LIBRARY | VIVEKANANDA LIBRARY | 11/12/2010 | 658.4 K837M | 81502 | 17/09/2023 | Books | ||||||
| VIVEKANANDA LIBRARY | VIVEKANANDA LIBRARY | 11/12/2010 | 658.4 K837M | 92477 | 17/09/2023 | Books | ||||||
| VIVEKANANDA LIBRARY | VIVEKANANDA LIBRARY | 11/12/2010 | 658.4 K837M | 92479 | 17/09/2023 | Books | IMSAR Library |
